<?xml version="1.0" encoding="UTF-8"?>
<record
    xmlns:xsi="http://www.w3.org/2001/XMLSchema-instance"
    xsi:schemaLocation="http://www.loc.gov/MARC21/slim http://www.loc.gov/standards/marcxml/schema/MARC21slim.xsd"
    xmlns="http://www.loc.gov/MARC21/slim">

  <leader>00974nam a2200193 i 4500</leader>
  <controlfield tag="001">157749</controlfield>
  <controlfield tag="003">ES-MaACL</controlfield>
  <controlfield tag="005">20230906210833.0</controlfield>
  <controlfield tag="008">050912s1614    sp           |||| | spa d</controlfield>
  <datafield tag="245" ind1="0" ind2="0">
    <subfield code="a">Sumario del Concilio Provincial, que se celebr&#xF3; en la ciudad de los Reyes, el a&#xF1;o de mil y quinientos y sesenta y siete / </subfield>
    <subfield code="c">fecho y sacado por orden y con auctoridad del ultimo concilio Provincial, que se celebr&#xF3; en la dicha Ciudad, este a&#xF1;o de mil y quinientos y ochenta y tres.</subfield>
  </datafield>
  <datafield tag="260" ind1=" " ind2=" ">
    <subfield code="a">En Seuilla : </subfield>
    <subfield code="b">por Matias Clauijo, </subfield>
    <subfield code="c">1614.</subfield>
  </datafield>
  <datafield tag="300" ind1=" " ind2=" ">
    <subfield code="a">[6], [2] en bl., 231 p. ; </subfield>
    <subfield code="c">4&#xBA;.</subfield>
  </datafield>
  <datafield tag="530" ind1=" " ind2=" ">
    <subfield code="a">Disponible en formato digital.</subfield>
  </datafield>
  <datafield tag="597" ind1=" " ind2=" ">
    <subfield code="a">Sign.: &#xB6;\4, A-O8, P6.</subfield>
  </datafield>
  <datafield tag="597" ind1=" " ind2=" ">
    <subfield code="a">Port. con grab. xil.</subfield>
  </datafield>
  <datafield tag="650" ind1=" " ind2="4">
    <subfield code="a">Concilios y s&#xED;nodos.</subfield>
    <subfield code="9">135803</subfield>
  </datafield>
  <datafield tag="852" ind1=" " ind2=" ">
    <subfield code="a">ES-MaACL</subfield>
    <subfield code="j">R-1452   </subfield>
    <subfield code="z">- Enc. piel marr&#xF3;n con hierros dorados   </subfield>
    <subfield code="x">- Olim: G-14586</subfield>
  </datafield>
  <datafield tag="856" ind1=" " ind2=" ">
    <subfield code="u">https://bvpb.mcu.es/es/consulta/registro.do?id=577704 </subfield>
    <subfield code="z">Biblioteca Virtual del Patrimonio Bibliogr&#xE1;fico</subfield>
  </datafield>
  <datafield tag="999" ind1=" " ind2=" ">
    <subfield code="c">157749</subfield>
    <subfield code="d">157749</subfield>
  </datafield>
  <datafield tag="952" ind1=" " ind2=" ">
    <subfield code="0">0</subfield>
    <subfield code="1">0</subfield>
    <subfield code="4">0</subfield>
    <subfield code="7">0</subfield>
    <subfield code="8">Colecci&#xF3;n_digital</subfield>
    <subfield code="a">ATENEOM</subfield>
    <subfield code="b">ATENEOM</subfield>
    <subfield code="c">DEPO</subfield>
    <subfield code="d">2008-01-17</subfield>
    <subfield code="e">SSC</subfield>
    <subfield code="l">0</subfield>
    <subfield code="o">R-1452</subfield>
    <subfield code="p">1165082</subfield>
    <subfield code="r">2023-02-23 00:00:00</subfield>
    <subfield code="w">2023-02-23</subfield>
    <subfield code="y">MONANT</subfield>
  </datafield>
</record>
